Opto-Electronic imaging (Record no. 9128)

MARC details
000 -LEADER
fixed length control field 00754nam a2200193Ia 4500
003 - CONTROL NUMBER IDENTIFIER
control field IN-BaIIA
008 - FIXED-LENGTH DATA ELEMENTS--GENERAL INFORMATION
fixed length control field 211028s9999 xx 000 0 eng d
020 ## - INTERNATIONAL STANDARD BOOK NUMBER
International Standard Book Number 0-07-451705-8
040 ## - CATALOGING SOURCE
Transcribing agency IIA Library
080 ## - UNIVERSAL DECIMAL CLASSIFICATION NUMBER
Universal Decimal Classification number 535.33(082.1)
Item number OPT
111 ## - MAIN ENTRY--MEETING NAME
Meeting name or jurisdiction name as entry element International Symposium on Opto-Electronic Imaging
Location of meeting New Delhi, India
Date of meeting or treaty signing 1985 Dec. 2-5
9 (RLIN) 15326
245 #0 - TITLE STATEMENT
Title Opto-Electronic imaging
Remainder of title proceeding of the international symposium on opto-electronic imaging, held in New Delhi, India, December 2-5, 1985
Statement of responsibility, etc. edited by D. P. Juyal
260 ## - PUBLICATION, DISTRIBUTION, ETC.
Place of publication, distribution, etc. New Delhi
Name of publisher, distributor, etc. Tata McGraw-Hill
Date of publication, distribution, etc. 1987
300 ## - PHYSICAL DESCRIPTION
Extent xiii, 564p.
650 ## - SUBJECT ADDED ENTRY--TOPICAL TERM
Topical term or geographic name entry element NASA Thesaurus
650 ## - SUBJECT ADDED ENTRY--TOPICAL TERM
Topical term or geographic name entry element Optoelectronics
9 (RLIN) 3202
700 ## - ADDED ENTRY--PERSONAL NAME
Personal name Juyal, D. P., ed.
9 (RLIN) 15327
942 ## - ADDED ENTRY ELEMENTS (KOHA)
Koha item type Books
Holdings
Withdrawn status Lost status Damaged status Not for loan Home library Current library Shelving location Date acquired Total Checkouts Full call number Barcode Date last seen Price effective from Koha item type
        IIA Library-Bangalore IIA Library-Bangalore General Stacks     535.33(082.1)/ OPT 10031 05/11/2021   Books

Powered by Koha